Actualisé: Femme de célébrités - Statistiques

Statistiques générales
  • Ce quiz a été pris 8 fois
    6 depuis la dernière actualisation
  • Le résultat moyen est 4 sur 13
Statistiques - réponses
Par images Hint Réponse % Correct
Femme de politicien Michelle Obama
80%
Femme de rappeur Beyoncé
60%
Femme de footballeur Victoria Beckham
60%
Femme de politicien Carla Bruni
40%
Femme de politicien Julie Gayet
40%
Femme de chanteur Laetitia Hallyday
40%
Femme de monarque Meghan Markle
40%
Femme de chanteur Demdem
20%
Femme de footballeur Georgina Rodriguez
20%
Femme d’acteur Amal Clooney
0%
Femme de rappeur Bianca Censori
0%
Femme de rappeur Eudoxie Bridges
0%
Femme d’humouriste Lola Bigard
0%
Aucun quiz correspondant
Distribution des résultats
% des personnes avec chaque résultat
Percentile par nombre de réponses
Votre historique - résultats
Vous n’avez pas pris ce quiz depuis la dernière actualisation